El rematador (Registro nro. 18360)
[ vista simple ]
| 000 -CABECERA | |
|---|---|
| Longitud fija campo de control | 00643nam a2200229 4500 |
| 001 - NÚMERO DE CONTROL | |
| Número de control | biso0000578087 |
| 003 - IDENTIFICADOR DELl NÚMERO DE CONTROL | |
| Identificador del número de control | OSt |
| 005 - FECHA Y HORA DE LA ÚLTIMA TRANSACCIÓN | |
| Fecha y hora de la última transacción | 20150212164309.0 |
| 007 - CAMPO FIJO DE DESCRIPCIÓN FÍSICA | |
| Campo fijo de descripción f&íacute;sica | sd m mpl |
| 008 - CÓDIGOS DE INFORMACIÓN DE LONGITUD FIJA | |
| Códigos de información de longitud fija | 820101s1977d sp l2 0 pdacd |
| 040 ## - FUENTE DE LA CATALOGACIÓN | |
| Centro transcriptor | BMC |
| 082 ## - NÚMERO DE LA CLASIFICACIÓN DECIMAL DEWEY | |
| Númeroo de clasificación | 823 |
| 100 1# - PUNTO DE ACCESO PRINCIPAL-NOMBRE DE PERSONA | |
| 9 (RLIN) | 31427 |
| Nombre de persona | Samson, Joan |
| 245 13 - MENCIÓN DE TÍTULO | |
| Título | El rematador |
| Mención de responsabilidad, etc. | Joan Samson ; traducción, Lucrecia Moreno de Sáenz |
| 260 0# - PUBLICACIÓN, DISTRIBUCIÓN, ETC. (PIE DE IMPRENTA) | |
| Lugar de publicación, distribución, etc. | Buenos Aires |
| Nombre del editor, distribuidor, etc. | Emecé |
| Fecha de publicación, distribución, etc. | 1977 |
| 300 ## - DESCRIPCIÓN FÍSICA | |
| Extensión | 336 p. |
| Dimensiones | 18 cm |
| 490 ## - MENCIÓN DE SERIE | |
| Mención de serie | Grandes novelistas |
| 546 ## - NOTA DE LENGUA | |
| Nota de lengua | Traducción de: The auctioneer |
| 650 24 - PUNTO DE ACCESO ADICIONAL DE MATERIA - TÉRMINO DE MATERIA | |
| Término de materia o nombre geográfico como elemento inicial | Novela inglesa |
| 9 (RLIN) | 11162 |
| 700 1# - PUNTO DE ACCESO ADICIONAL - NOMBRE DE PERSONA | |
| 9 (RLIN) | 31186 |
| Nombre de persona | Moreno de Sáenz, Lucrecia |
| 942 ## - ENTRADA DE ELEMENTOS AGREGADOS (KOHA) | |
| Fuente de clasificaión o esquema | Dewey Decimal Classification |
| Koha [por defecto] tipo de item | 1- Monografias |
| Parte de clasificación | ahoj |
| Suprimido | Perdido | Fuente de clasificación o esquema | Estropeado | Restricciones de uso | No para préstamo | Código de colección | Localización permanente | Localización actual | Localización en estanter&íacute;as | Fecha adquisición | Fuente de adquisición | Número de inventario | Préstamos totales | Signatura completa | Código de barras | Fecha última consulta | Coste, precio reemplazado | Fecha del precio de reemplazo | Tipo de item de Koha |
|---|---|---|---|---|---|---|---|---|---|---|---|---|---|---|---|---|---|---|---|
| NULL | NULL | Dewey Decimal Classification | NULL | Prestable | NULL | NULL | Biblioteca Miguel de Cervantes - UNICAES | Biblioteca Miguel de Cervantes - UNICAES | Sala Principal | 12/02/2015 | Donación - Romeo Tovar Astorga | 028023 | N SAM rem | 1028433 | 12/02/2015 | 18.00 | 12/02/2015 | 1- Monografias |